000 00376 a2200121 4500
001 ART_3682
005 20260410161717.0
008 260409a
245 1 0 _aPolíticas productivas para sectores carenciados
100 1 _aBekerman, Marta
700 1 _aRodríguez, Santiago
773 0 _tDesarrollo económico
_g- Vol. 47, Nº 185 (abr./jun. 2007)
_wREV1174
999 _c16613
_d16613